000
00315nam a2200133Ia 4500
005
20251222155112.0
008
251222s9999||||xx |||||||||||||| ||spa||
082
_a
EDUM.121
100
_a
ELSA TUEROS WAY
245
0
_a
Estadistica aplicada a la educación
250
_a
No ed.
264
_b
No tiene
942
_c
LIB
999
_c
38098
_d
38098